Michigan's original 40 counties - Statistics

General Stats
  • This quiz has been taken 4 times
  • The average score is 26 of 40
Answer Stats
County Year Created Modern State % Correct
Ingham 1829 MI
100%
Ionia 1831 MI
100%
Kent 1831 MI
100%
Monroe 1817 MI
100%
Oakland 1819 MI
100%
Wayne 1796 MI
100%
Allegan 1831 MI
75%
Calhoun 1829 MI
75%
Clinton 1831 MI
75%
Hillsdale 1829 MI
75%
Isabella 1831 MI
75%
Jackson 1829 MI
75%
Kalamazoo 1829 MI
75%
Lapeer 1822 MI
75%
Lenawee 1822 MI
75%
Macomb 1818 MI
75%
Milwaukee 1834 WI
75%
Montcalm 1831 MI
75%
Ottawa 1831 MI
75%
Saginaw 1835 MI
75%
Sanilac 1822 MI
75%
St Clair 1820 MI
75%
Barry 1829 MI
50%
Berrien 1829 MI
50%
Cass 1829 MI
50%
Des Moines 1834 IA
50%
Eaton 1829 MI
50%
Genesee 1835 MI
50%
Gratiot 1831 MI
50%
Michilimackinac 1818 MI
50%
Midland 1831 MI
50%
Shiawassee 1822 MI
50%
St Joseph 1820 MI
50%
Washtenaw 1822 MI
50%
Arenac 1831 MI
25%
Chippewa 1826 MI
25%
Crawford 1818 WI
25%
Dubuque 1834 IA
25%
Green Bay 1818 WI
25%
Iowa 1829 WI
25%
No matching quizzes found
Score Distribution
Percent of People with Each Score
Percentile by Number Answered
Your Score History
You have not taken this quiz